Napoléon Bonaparte : Tài năng không gì sanh bằng, khả năng chỉ huy lỗi lạc, lòng dũng cảm siêu phàm, anh hùng Gaul tung hoành khắp chấu Âu
Kể về cuộc đời và sự nghiệp lẫy lừng của hoàng đế Napoleon Ponaparte
Bewaard in:
| Formaat: | Boek |
|---|---|
| Taal: | Undetermined |
| Gepubliceerd in: |
Thành phố Hồ Chí Minh
Nxb. Đại học Sư phạm Thành phố Hồ Chí Minh
2012
|
| Onderwerpen: | |
| Tags: |
Voeg label toe
Geen labels, Wees de eerste die dit record labelt!
|
| Thư viện lưu trữ: | Trung tâm Học liệu Trường Đại học Cần Thơ |
|---|
| LEADER | 00938nam a2200217Ia 4500 | ||
|---|---|---|---|
| 001 | CTU_196987 | ||
| 008 | 210402s9999 xx 000 0 und d | ||
| 020 | |c 33000 | ||
| 082 | |a 895.922802 | ||
| 082 | |b N216 | ||
| 245 | 0 | |a Napoléon Bonaparte : | |
| 245 | 0 | |b Tài năng không gì sanh bằng, khả năng chỉ huy lỗi lạc, lòng dũng cảm siêu phàm, anh hùng Gaul tung hoành khắp chấu Âu | |
| 245 | 0 | |c Bùi Quang Tiến, Dương Ngọc Mai (biên soạn) | |
| 260 | |a Thành phố Hồ Chí Minh | ||
| 260 | |b Nxb. Đại học Sư phạm Thành phố Hồ Chí Minh | ||
| 260 | |c 2012 | ||
| 520 | |a Kể về cuộc đời và sự nghiệp lẫy lừng của hoàng đế Napoleon Ponaparte | ||
| 650 | |a Celebrities,Danh nhân | ||
| 650 | |x Biography,Tiểu sử | ||
| 904 | |i Nguyên | ||
| 980 | |a Trung tâm Học liệu Trường Đại học Cần Thơ | ||